Soeur Benedetta entre sainte et lesbienne : toscane XVIIe siecle
Αποθηκεύτηκε σε:
| Κύριος συγγραφέας: | |
|---|---|
| Μορφή: | Βιβλίο |
| Γλώσσα: | French English |
| Δημοσίευση: |
France :
Gallimard,
1987.
|
| Σειρά: | Bibliotheque des histoires
|
| Θέματα: | |
| Ετικέτες: |
Προσθήκη ετικέτας
Δεν υπάρχουν, Καταχωρήστε ετικέτα πρώτοι!
|
MARC
| LEADER | 00000cam a2200000 i 4500 | ||
|---|---|---|---|
| 001 | 1/2923 | ||
| 008 | 960305s1987 fr | ||| |||| ||fre|| | ||
| 020 | |a 2070710769 | ||
| 035 | |l 10015037 | ||
| 040 | |a GR-MyUA |b gre |e AACR2 | ||
| 041 | 0 | 1 | |a fre |h eng |
| 082 | 0 | |a 306.76630924 | |
| 100 | 1 | |a Brown, Judith C. | |
| 245 | 1 | 0 | |a Soeur Benedetta entre sainte et lesbienne : |b toscane XVIIe siecle / |c Judith C. Brown. |
| 260 | |a France : |b Gallimard, |c 1987. | ||
| 300 | |a 216 σ. | ||
| 490 | 1 | |a (Bibliotheque des histoires) | |
| 500 | |a Τίτλος πρωτοτύπου: Immodest acts the life of a lesbian nun in renaissance Italy. | ||
| 650 | 0 | 0 | |a Lesbian nuns |z Italy |x Biography. |
| 650 | 0 | 0 | |a Lesbianism |x History. |
| 650 | 0 | 0 | |a Lesbians |x Attitudes. |
| 650 | 0 | 0 | |a Women |x Sexual behaviour |x History. |
| 830 | 0 | |a Bibliotheque des histoires | |
| 852 | |a INST |b LESVOS |e 19960305 |h 306.76630924 BRO |p 005100007087 |q 005100007087 |t BK |y 0 | ||
| 909 | |a Λ |b 035110 | ||